000 00627nam a22002052 4500
001 0000007575
005 20151217161138.0
008 080219s xx 000 0 eng d
020 _cKES
040 _aKABU
_cKABU
100 1 _aRobins, Kate.
_@0000158854
245 1 0 _aSubject guide to information sources in Kenya /
_cKate Robins, Compiler.
260 _aNairobi :
_bKLA,
_c1984.
300 _av, 207 p.
650 0 _aLibraries
_xDirectories
_zKenya.
_@0000158855
908 _a080219
950 _@1
999 _c15033
_d15033